INMIGRACION Y NACIONALIDAD/

Uloženo v:
Podrobná bibliografie
Další autoři: Cuneo, Dardo (autor) (autor)
Médium: Kniha
Témata:
Tagy: Přidat tag
Žádné tagy, Buďte první, kdo vytvoří štítek k tomuto záznamu!

MARC

LEADER 00000nam^a2200000^a^4500
001 000225572
005 20250521000000.0
009 20260310104131.668
035 |a 044190 
037 |a Acervo Xavier Clavigero 
082 |a 325. 982  |b INM 
245 1 0 |a INMIGRACION Y NACIONALIDAD/  |c DARDO CUNEO ...[ ET. AL.] 
264 |a BUENOS AIRES :  |b PAIDOS,  |c 1967 
300 |a 215p. 
336 |a texto  |b txt  |2 rdacontenido 
337 |a sin mediación  |b n  |2 rdamedio 
338 |a volumen  |b nc  |2 rdasoporte 
649 |a XX 
650 |a Migración -  |z Argentina 
650 |a Nacionalismo -  |z Argentina 
700 |a Cuneo, Dardo  |e (autor) 
910 |a Fondo General 
920 |a Impresos - Libros 
930 |a Colección General 
905 |a 101 
901 |a 044190  |b IT1  |c ACC  |i 044190  |u 20250521 
902 |a https://opac.biblio.iteso.mx/vufind/Record/000225572